| 000 | 00864nam a2200229Ia 4500 | ||
|---|---|---|---|
| 003 | IN-BaIIA | ||
| 008 | 211028s9999 xx 000 0 eng d | ||
| 040 | _cIIA Library | ||
| 080 |
_a52(082.1) _bASS-13 |
||
| 111 |
_aTrieste colloquium on Astrophysics _n2nd _cItaly _d1968 Sept. 12-17 _95948 |
||
| 245 | 0 |
_aMass loss from stars _bproceedings of the second Trieste Colloquium on Astrophysics held in Italy, 12-17 September, 1968 _cedited by Margherita Hack |
|
| 260 |
_aDordrecht _bD. Reidel Publishing _c1969 |
||
| 300 | _ax, 345p. | ||
| 490 | _aAstrophysics and Space Science Library; v. 13 | ||
| 650 | _aAstronomy and astrophysics thesaurus | ||
| 650 |
_aEruptive binary stars _95949 |
||
| 650 |
_aMass loss _93547 |
||
| 650 | _aStellar evolution | ||
| 700 |
_aHack, Margherita, ed. _95428 |
||
| 710 |
_aAstronomical Observatory of Trieste _95950 |
||
| 942 | _cBK | ||
| 999 |
_c3356 _d3356 |
||